50 biggest Spanish cities - 1 minute sprint - Statistics

General Stats
  • This quiz has been taken 9 times
  • The average score is 16 of 50
Answer Stats
City Population % Correct
Barcelona 1,454,000
100%
Madrid 2,824,000
100%
Sevilla 695,000
100%
Valencia 736,000
100%
Bilbao 351,000
71%
Córdoba 307,000
71%
Málaga 542,000
71%
Palma de Mallorca 302,000
71%
Zaragoza 601,000
71%
Alicante 272,000
57%
Vigo 287,000
57%
Badajoz 124,000
43%
Granada 242,000
43%
Murcia 350,000
43%
Pamplona 163,000
43%
Santander 183,000
43%
Valladolid 317,000
43%
Elche 191,000
29%
Getafe 143,000
29%
Huelva 140,000
29%
Jérez de la Frontera 182,000
29%
La Coruña 241,000
29%
Logroño 124,000
29%
Oviedo 199,000
29%
Salamanca 158,000
29%
San Sebastián 177,000
29%
Tarragona 111,000
29%
Almeria 170,000
14%
Badalona 210,000
14%
Burgos 162,000
14%
Cádiz 141,000
14%
Cartagena 170,000
14%
Castellón de la Plana 136,000
14%
Gijón 264,000
14%
Hospitalet de Llobregat 255,000
14%
Las Palmas de Gran Canaria 354,000
14%
Leganés 175,000
14%
León 144,000
14%
Lleida 111,000
14%
Móstoles 196,000
14%
Santa Cruz de Tenerife 203,000
14%
Albacete 146,000
0%
Alcaláde Henares 163,000
0%
Alcorón 141,000
0%
Fuenlabrada 163,000
0%
La Laguna 122,000
0%
Sabadell 186,000
0%
Santa Coloma de Gramanet 123,000
0%
Tarrasa 164,000
0%
Vitoria-Gasteiz 215,000
0%
No matching quizzes found
Score Distribution
Percent of People with Each Score
Percentile by Number Answered
Your Score History
You have not taken this quiz